Дискурс социальной памяти в хорошем обществе; Теория и история; № 1 (10)

Detalles Bibliográficos
Parent link:Теория и история.— : [Б. и.], 2002-
№ 1 (10).— 2007.— [С. 11-17]
Autor Principal: Лойко О. Т. Ольга Тимофеевна
Summary:Заглавие с экрана
Статья посвящается дискурсу о социальной памяти.
Idioma:ruso
Publicado: 2007
Subjects:
Acceso en liña:http://library.sibsau.ru/images/stories/img_lib/periodika/jurnal/10/%D0%E0%E7%E4%E5%EB%201%20%281-07%29.pdf
Formato: MixedMaterials Electrónico Capítulo de libro
KOHA link:https://koha.lib.tpu.ru/cgi-bin/koha/opac-detail.pl?biblionumber=646611

MARC

LEADER 00000naa0a2200000 4500
001 646611
005 20250122142030.0
035 |a (RuTPU)RU\TPU\network\11747 
035 |a RU\TPU\network\11726 
090 |a 646611 
100 |a 20160309d2007 k y0rusy50 ca 
101 0 |a rus 
102 |a RU 
135 |a drgn ---uucaa 
181 0 |a i  
182 0 |a b 
200 1 |a Дискурс социальной памяти в хорошем обществе  |f О. Т. Лойко 
203 |a Текст  |c электронный 
300 |a Заглавие с экрана 
320 |a [Библиогр.: с. 16-17 (11 назв.)] 
330 |a Статья посвящается дискурсу о социальной памяти. 
461 |t Теория и история  |n [Б. и.]  |d 2002- 
463 |t № 1 (10)  |v [С. 11-17]  |d 2007 
610 1 |a электронный ресурс 
610 1 |a труды учёных ТПУ 
610 1 |a дискурс 
610 1 |a социальная память 
700 1 |a Лойко  |b О. Т.  |c специалист в области культурологии и социальной коммуникации  |c профессор Томского политехнического университета, доктор философских наук  |f 1949-  |g Ольга Тимофеевна  |3 (RuTPU)RU\TPU\pers\24646  |9 10910 
801 2 |a RU  |b 63413507  |c 20160309  |g RCR 
856 4 |u http://library.sibsau.ru/images/stories/img_lib/periodika/jurnal/10/%D0%E0%E7%E4%E5%EB%201%20%281-07%29.pdf 
942 |c CF